Name a Minecraft Mob A-Z - Statistics

General Stats
  • This quiz has been taken 43,336 times
    36,014 since last reset
  • The average score is 13 of 19
Answer Stats
Letter Answer % Correct
C Chicken | Cod | Cow | +5
98%
S Salmon | Sheep | Squid | +11
94%
P Pig | Pufferfish | Phantom | +5
92%
Z Zoglin | Zombie | Zombie Villager | +1
88%
E Enderman | Endermite | Evoker | +2
85%
W Wandering Trader | Witch | Wither | +3
85%
V Villager | Vex | Vindicator
84%
B Bat | Blaze | Bee | +2
81%
G Goat | Ghast | +2
74%
H Hoglin | Husk | Horse
70%
D Drowned | Dolphin | Donkey
65%
A Allay | Axolotl | Armadillo
63%
F Fox | Frog
56%
O Ocelot
49%
T Tadpole | Tropical Fish | Turtle
48%
L Llama
47%
M Mooshroom | Magma Cube | Mule
46%
R Rabbit | Ravager
45%
I Iron Golem
40%
No matching quizzes found
Score Distribution
Percent of People with Each Score
Percentile by Number Answered
Your Score History
You have not taken this quiz since the last reset